[Event "Lisbon Portugal rapid op"]
[Site "Lisbon"]
[Date "2022.09.03"]
[Round "4"]
[White "Simoes, Leo Ramos"]
[Black "Loeffler, Stefan"]
[Result "0-1"]
[WhiteElo "2025"]
[BlackElo "2356"]
[PlyCount "88"]
[EventDate "2022.09.03"]
[EventType "swiss (rapid)"]
[EventRounds "11"]
[EventCountry "POR"]
[SourceTitle "CBM 210 Extra"]
[Source "ChessBase"]
[SourceDate "2022.11.30"]
[SourceVersion "1"]
[SourceVersionDate "2022.11.30"]
[SourceQuality "1"]

1. d4 e6 2. e4 d5 3. e5 c5 4. c3 Bd7 5. a3 Qb6 6. Nf3 Bb5 7. g3 Nc6 8. Be3 Bxf1 9. Kxf1 Qxb2 10. Nbd2 Qxc3 11. dxc5 Bxc5 12. Bxc5 Qxc5 13. Kg2 Nh6 14. Nb3 Qe7 15. Qc2 0-0 16. h4 f6 17. exf6 Qxf6 18. Ng5 Nf5 19. Rae1 Rae8 20. Nc5 h6 21. Ngxe6 Nfd4 22. Nxd4 Nxd4 23. Qb2 Qf3+ 24. Kh2 Qxf2+ 25. Qxf2 Rxf2+ 26. Kh3 Rxe1 27. Rxe1 b6 28. Nd3 Re2 29. Rd1 Ne6 30. Nb4 d4 31. Nc6 Re3 32. Nxa7 Nf4+ 33. Kg4 Ne2 34. Nb5 g6 35. Kh3 Rxg3+ 36. Kh2 Rg4 37. Kh3 h5 38. Rd2 Nf4+ 39. Kh2 Rxh4+ 40. Kg3 Rg4+ 41. Kf3 Ne6 42. Re2 Ng5+ 43. Kf2 Nh3+ 44. Kf3 Ng1+ 0-1

[Event "Rio de Janeiro Padua Memorial 1st"]
[Site "Rio de Janeiro"]
[Date "2016.10.29"]
[Round "6"]
[White "Ramos, Angelo Bil"]
[Black "Simoes, Leo Ramos"]
[Result "0-1"]
[WhiteElo "2006"]
[BlackElo "2010"]
[PlyCount "58"]
[EventDate "2016.10.22"]
[EventType "swiss"]
[EventRounds "6"]
[EventCountry "BRA"]
[SourceTitle "EXT 2018"]
[Source "ChessBase"]
[SourceDate "2017.10.13"]
[SourceVersion "1"]
[SourceVersionDate "2017.10.13"]
[SourceQuality "1"]

1. d4 Nf6 2. c4 e6 3. Nc3 Bb4 4. e3 d5 5. a3 Bxc3+ 6. bxc3 Ne4 7. Bb2 0-0 8. Nf3 b6 9. cxd5 exd5 10. Bd3 Bf5 11. 0-0 Nd7 12. c4 dxc4 13. Bxc4 c5 14. dxc5 Ndxc5 15. Nd4 Bg6 16. Rc1 Rc8 17. f4 Qh4 18. Nf3 Qh6 19. Ne5 Rfd8 20. Bd4 Nd6 21. f5 Nxf5 22. Rxf5 Rxd4 23. exd4 Bxf5 24. Nxf7 Qe3+ 25. Kh1 Nd3 26. Nh6+ Kf8 27. Nxf5 Nf2+ 28. Kg1 Nxd1+ 29. Nxe3 Nxe3 0-1

[Event "Rio de Janeiro Primavera op"]
[Site "Rio de Janeiro"]
[Date "2015.11.14"]
[Round "4"]
[White "Simoes, Leo Ramos"]
[Black "Zacarias, Rodrigo Medeiros"]
[Result "0-1"]
[WhiteElo "1767"]
[BlackElo "2134"]
[PlyCount "118"]
[EventDate "2015.11.07"]
[EventType "swiss"]
[EventRounds "6"]
[EventCountry "BRA"]
[SourceTitle "CBM 169 Extra"]
[Source "ChessBase"]
[SourceDate "2015.12.18"]
[SourceVersion "1"]
[SourceVersionDate "2015.12.18"]
[SourceQuality "1"]

1. c4 Nf6 2. Nc3 d5 3. e3 g6 4. d4 Bg7 5. Nf3 0-0 6. Be2 dxc4 7. Bxc4 c5 8. 0-0 cxd4 9. Nxd4 Nc6 10. Nxc6 bxc6 11. Qe2 Qc7 12. h3 a5 13. e4 Nd7 14. Be3 Ne5 15. Rfd1 Nxc4 16. Qxc4 Be6 17. Qc5 Qb7 18. Rd2 Qb4 19. a3 Qxc5 20. Bxc5 Rfe8 21. f4 Rab8 22. e5 g5 23. Be3 Rb3 24. Rad1 Bd5 25. g3 h5 26. Kf2 e6 27. Bd4 gxf4 28. gxf4 Bh6 29. Rg1+ Kh7 30. Nxd5 exd5 31. Rg3 Bxf4 32. Rxb3 Bxd2 33. Rb7 Kg6 34. Rc7 Re6 35. Kf3 Bg5 36. Bc3 f6 37. exf6 Bxf6 38. Bxf6 Rxf6+ 39. Ke3 Re6+ 40. Kd3 Kf5 41. Ra7 Rg6 42. Rxa5 Ke5 43. Ra6 Rg3+ 44. Kc2 Kd6 45. b4 Kc7 46. a4 Rxh3 47. b5 cxb5 48. axb5 Rh1 49. Rh6 h4 50. Rc6+ Kb7 51. Rc5 h3 52. Rxd5 h2 53. Rh5 Ra1 54. Rh7+ Kb6 55. Rh6+ Kxb5 56. Rh5+ Kc6 57. Rh6+ Kd5 58. Rh5+ Ke4 59. Rh4+ Kf5 0-1